[Event "Vojens Sonderjysk C"]
[Site "Vojens"]
[Date "2011.05.16"]
[Round "3"]
[White "Bertelsen, Jorn"]
[Black "Beck, Kresten"]
[Result "1/2-1/2"]
[WhiteElo "1474"]
[BlackElo "1257"]
[PlyCount "124"]
[EventDate "2011.05.02"]
[EventType "swiss"]
[EventRounds "7"]
[EventCountry "DEN"]
[SourceTitle "EXT 2023"]
[Source "ChessBase"]
[SourceDate "2022.10.05"]
[SourceVersion "1"]
[SourceVersionDate "2022.10.05"]
[SourceQuality "1"]

1. d4 d5 2. e3 Nf6 3. c4 dxc4 4. Bxc4 e6 5. Nc3 Nc6 6. Nf3 h6 7. a3 a6 8. 0-0 Be7 9. Qc2 0-0 10. b4 b5 11. Bb3 Bb7 12. Nd2 Bd6 13. Nde4 Na7 14. Bb2 Nxe4 15. Nxe4 Qe7 16. Nc5 Bxc5 17. bxc5 Qg5 18. f3 Qxe3+ 19. Kh1 Qg5 20. Rae1 Bd5 21. Bxd5 Qxd5 22. Re5 Qd8 23. Qe4 Qd7 24. Rh5 f5 25. Qe5 Nc6 26. Qg3 f4 27. Qg4 Kh7 28. Re1 Rf5 29. Rxf5 exf5 30. Qxf4 Ne7 31. Qe5 Ng6 32. Qe6 Qxe6 33. Rxe6 Nf4 34. Rc6 Re8 35. Bc3 Nd5 36. Ba5 b4 37. Kg1 bxa3 38. Rxa6 a2 39. Bd2 Re2 40. Rxa2 Nc3 41. Kf1 Rxg2 42. Kxg2 Nxa2 43. Kf2 Kg6 44. Ke3 Kf6 45. Kd3 Ke6 46. Kc4 c6 47. Bf4 g5 48. Bd2 f4 49. d5+ cxd5+ 50. Kb5 Kd7 51. Kb6 Kc8 52. Kc6 d4 53. Kd5 Kc7 54. h3 Nc3+ 55. Kxd4 Ne2+ 56. Ke4 Ng1 57. Kf5 Nxh3 58. Kg4 Nf2+ 59. Kh5 Nd3 60. Kxh6 Ne5 61. Kxg5 Nxf3+ 62. Kxf4 Nxd2 1/2-1/2

[Event "Vojens Sonderjysk C"]
[Site "Vojens"]
[Date "2011.05.09"]
[Round "2"]
[White "Bertelsen, Jorn"]
[Black "Larsen, Finn2222"]
[Result "1-0"]
[WhiteElo "1474"]
[BlackElo "1047"]
[PlyCount "77"]
[EventDate "2011.05.02"]
[EventType "swiss"]
[EventRounds "7"]
[EventCountry "DEN"]
[SourceTitle "EXT 2023"]
[Source "ChessBase"]
[SourceDate "2022.10.05"]
[SourceVersion "1"]
[SourceVersionDate "2022.10.05"]
[SourceQuality "1"]

1. d4 d5 2. e3 Nf6 3. c4 c6 4. Nc3 Bf5 5. Qb3 b6 6. Nf3 e6 7. cxd5 cxd5 8. Bb5+ Nbd7 9. Ne5 a5 10. 0-0 Bd6 11. Nxd7 Nxd7 12. Qa4 Ra7 13. Bc6 0-0 14. Nb5 Bxh2+ 15. Kxh2 Nf6 16. f3 Qb8+ 17. f4 Ng4+ 18. Kg3 Re7 19. Nc3 h5 20. Rh1 g6 21. Bb5 f6 22. Be2 e5 23. Bxg4 exf4+ 24. exf4 Bxg4 25. Nxd5 Re2 26. Qc4 Kg7 27. Qc7+ Qxc7 28. Nxc7 Rf7 29. Nb5 Rfe7 30. a4 g5 31. fxg5 fxg5 32. Bxg5 Rf7 33. Raf1 Rf5 34. Rxf5 Bxf5 35. Rf1 Kg6 36. Bd8 Rxb2 37. Bxb6 Rb4 38. Ra1 Bc2 39. Bxa5 1-0

[Event "Sonderjysk-chB"]
[Site "Agerskov"]
[Date "2007.09.23"]
[Round "5"]
[White "Bertelsen, Jorn"]
[Black "Clausen, Jorgen"]
[Result "0-1"]
[WhiteElo "1524"]
[BlackElo "1509"]
[PlyCount "84"]
[EventDate "2007.09.09"]
[EventType "tourn"]
[EventRounds "7"]
[EventCountry "DEN"]
[SourceTitle "EXT 2023"]
[Source "ChessBase"]
[SourceDate "2022.10.05"]
[SourceVersion "1"]
[SourceVersionDate "2022.10.05"]
[SourceQuality "1"]

1. d4 d5 2. e3 e6 3. c4 dxc4 4. Bxc4 b6 5. Qa4+ c6 6. Qc2 Bb7 7. Ne2 c5 8. 0-0 Nf6 9. Bb5+ Nbd7 10. Rd1 Rc8 11. Nbc3 a6 12. Bxd7+ Nxd7 13. b3 b5 14. dxc5 Bxc5 15. Qd2 Rc7 16. Bb2 0-0 17. a3 Qg5 18. Ng3 h5 19. Nce4 Qg6 20. Nxc5 Nxc5 21. Qd6 Rfc8 22. b4 Na4 23. Be5 Qg5 24. Bf4 Qg6 25. h4 Nc3 26. Re1 Qg4 27. Qe5 f6 28. Qxh5 Qxh5 29. Nxh5 e5 30. Bh2 Rc4 31. f4 e4 32. g4 Nd5 33. f5 Rc3 34. Bf4 Rd3 35. Ng3 Nxf4 36. exf4 Rxg3+ 37. Kf2 Rxg4 38. Red1 Rxh4 39. Ke3 Rh3+ 40. Kf2 e3+ 41. Ke2 Bf3+ 42. Kxe3 Bxd1+ 0-1

[Event "Sonderjysk-chB"]
[Site "Agerskov"]
[Date "2007.09.23"]
[Round "6"]
[White "Iversen, Jens"]
[Black "Bertelsen, Jorn"]
[Result "1-0"]
[WhiteElo "1483"]
[BlackElo "1524"]
[PlyCount "107"]
[EventDate "2007.09.09"]
[EventType "tourn"]
[EventRounds "7"]
[EventCountry "DEN"]
[SourceTitle "EXT 2023"]
[Source "ChessBase"]
[SourceDate "2022.10.05"]
[SourceVersion "1"]
[SourceVersionDate "2022.10.05"]
[SourceQuality "1"]

1. d4 d5 2. c4 e6 3. e3 c6 4. Nf3 Nf6 5. Nc3 Bb4 6. a3 Bxc3+ 7. bxc3 Ne4 8. Qc2 Nd7 9. Bd3 Ndf6 10. 0-0 0-0 11. cxd5 exd5 12. Ne5 Qc7 13. f3 Nd6 14. e4 h6 15. Bf4 Nh5 16. Be3 Be6 17. Rac1 Nf6 18. c4 dxc4 19. Bxc4 Bxc4 20. Nxc4 Nxc4 21. Qxc4 Qa5 22. Qb3 Rad8 23. Rc5 Qb6 24. Rb1 Qxb3 25. Rxb3 Nd7 26. Rc1 Rb8 27. Bf4 Ra8 28. Rxb7 Nb8 29. Kf2 a5 30. Rb6 Rd8 31. Ke3 Kf8 32. Bxb8 Rdxb8 33. Rbxc6 Rb3+ 34. R1c3 Rb2 35. Rc2 Rab8 36. Kd3 a4 37. d5 R2b3+ 38. Kd4 R3b7 39. e5 Ke8 40. f4 Kd7 41. f5 Rb1 42. d6 Rd1+ 43. Ke4 Re1+ 44. Kf4 g5+ 45. fxg6 fxg6 46. Rc7+ Ke6 47. Re7+ Kd5 48. Rd2+ Kc4 49. Rc7+ Kb3 50. Rd3+ Kb2 51. d7 Rf8+ 52. Kg3 Rf5 53. d8Q Rexe5 54. Qd4+ 1-0